000
00339nam a2200157Ia 4500
100
_a
Blake/Roy
650
_a
Communication
942
_c
BK
366
_f
20
654
_a
wireless
245
_a
Wireless communication technology
260
_b
Cengage Learning
_c
2001
082
_a
384.5/BLA
_b
BLA
300
_a
604
546
_a
ENGLISH
999
_c
32829
_d
32829